[Event "Polofinale MCR juniorek 2024"]
[Site "Hotel Fit Fun, Ryžovište 427, 512 46 Harrachov v Krkonoších"]
[Date "2024.11.09"]
[Round "1"]
[Board "1"]
[White "Dudková, Josefína"]
[Black "Štastná, Martina"]
[Result "0-1"]
[WhiteElo "1751"]
[BlackElo "1948"]
[PlyCount "0"]
[EventDate "2024.11.09"]
[EventRounds "9"]
[EventCountry "CZE"]

1. d4 d5 2. Nf3 Nf6 3. e3 e6 4. Bd3 Bd6 5. Nbd2 O-O 6. O-O Nbd7 7. b3 e5 8. e4 exd4
9. exd5 Nxd5 10. Nc4 Bf4 11. Bxf4 Nxf4 12. Nxd4 Nc5 13. Bf5 Qxd4 14. Qxd4 Ne2+ 15.
Kh1 Nxd4 16. Bxc8 Raxc8 17. Rac1 Rfe8 18. Ne3 Rcd8 19. h3 Ne4  0-1

[Event "Polofinale MCR juniorek 2024"]
[Site "Hotel Fit Fun, Ryžovište 427, 512 46 Harrachov v Krkonoších"]
[Date "2024.11.09"]
[Round "1"]
[Board "2"]
[White "Šedá, Michaela"]
[Black "Nesporá, Tatána"]
[Result "1-0"]
[WhiteElo "1886"]
[BlackElo "1730"]
[PlyCount "0"]
[EventDate "2024.11.09"]
[EventRounds "9"]
[EventCountry "CZE"]

1. e4 c5 2. Nf3 Nc6 3. d4 cxd4 4. Nxd4 Nf6 5. Nc3 e5 6. Ndb5 d6 7. Bg5 a6 8. Na3
b5 9. Nd5 Be7 10. Bxf6 Bxf6 11. c3 Rb8 12. Nc2 Bg5 13. Bd3 O-O 14. O-O Be6 15. Nce3
f5 16. exf5 Bf7 17. Qc2 Bf6 18. Be4 Ne7 19. Rad1 Kh8 20. Qd3 Nxd5 21. Nxd5 Bxd5 22.
Bxd5 Qb6 23. Be6 Rfd8 24. Qh3 b4 25. Rd3 e4 26. Qxh7+  1-0

[Event "Polofinale MCR juniorek 2024"]
[Site "Hotel Fit Fun, Ryžovište 427, 512 46 Harrachov v Krkonoších"]
[Date "2024.11.09"]
[Round "1"]
[Board "3"]
[White "Kavanová, Anežka"]
[Black "Sikorová, Jana"]
[Result "1-0"]
[WhiteElo "1710"]
[BlackElo "1885"]
[PlyCount "0"]
[EventDate "2024.11.09"]
[EventRounds "9"]
[EventCountry "CZE"]

1. e4 c5 2. Nf3 a6 3. d4 cxd4 4. Nxd4 Nf6 5. Bd3 e5 6. Nb3 Nc6 7. Bg5 Be7 8. O-O
O-O 9. Nc3 Nxe4 10. Bxe7 Nxc3 11. Bxh7+ Kxh7 12. Qh5+ Kg8 13. Bxd8 g6 14. Qf3 Rxd8
15. bxc3 d5 16. Rad1 Be6 17. Nc5  1-0

[Event "Polofinale MCR juniorek 2024"]
[Site "Hotel Fit Fun, Ryžovište 427, 512 46 Harrachov v Krkonoších"]
[Date "2024.11.09"]
[Round "1"]
[Board "4"]
[White "Zádrapová, Amálie"]
[Black "Cinková, Vicky"]
[Result "1/2-1/2"]
[WhiteElo "1882"]
[BlackElo "1703"]
[PlyCount "0"]
[EventDate "2024.11.09"]
[EventRounds "9"]
[EventCountry "CZE"]

1. e4 c6 2. d4 d5 3. exd5 cxd5 4. c4 Nf6 5. Nc3 Nc6 6. Bg5 Be6 7. a3 g6 8. Bxf6 exf6
9. Nf3 Bg7 10. Be2 O-O 11. c5 h5 12. b4 Re8 13. b5 Qa5 14. Rc1 Ne7 15. a4 Bh6 16.
Nd2 Nf5 17. O-O Nxd4 18. Bd3 Bxd2 19. Qxd2 Nb3 20. Qh6 Nxc1 21. Bxg6 Ne2+ 22. Kh1
fxg6 23. Qxg6+ Kf8 24. Qxf6+ Bf7 25. Nxd5 Re6 26. Qh8+ Bg8 27. Nf6 Kf7 28. Nxg8 Rxg8
29. Qxh5+ Rgg6 30. Qh7+ Kf8 31. Qh8+ Rg8 32. Qh3 Nd4 33. Qh4 Qd2 34. Qd8+ Kg7 35.
Qd7+ Kh8 36. Qd5 Qf4 37. h3 Rh6 38. f3 Ne2 39. Re1 Rxh3+ 40. gxh3 Ng3+ 41. Kg2 Ne4+
42. Qxg8+ Kxg8 43. Rxe4 Qd2+ 44. Kg3 Kf7 45. h4 Qd5 46. c6 bxc6 47. bxc6 Qxc6 48.
Rg4 Qd6+ 49. Kh3 Qd3  1/2-1/2

[Event "Polofinale MCR juniorek 2024"]
[Site "Hotel Fit Fun, Ryžovište 427, 512 46 Harrachov v Krkonoších"]
[Date "2024.11.09"]
[Round "1"]
[Board "5"]
[White "Dominiková, Denisa"]
[Black "Šulcová, Tereza Radmila"]
[Result "0-1"]
[WhiteElo "1696"]
[BlackElo "1879"]
[PlyCount "0"]
[EventDate "2024.11.09"]
[EventRounds "9"]
[EventCountry "CZE"]

1. e4 g6 2. d4 Bg7 3. Nc3 d6 4. Be3 a6 5. a4 Nc6 6. Nf3 e5 7. Be2 Nge7 8. O-O O-O
9. d5 Nb8 10. Nd2 f5 11. f3 f4 12. Bf2 g5 13. b4 Nd7 14. Rb1 b6 15. a5 bxa5 16. bxa5
Nf6 17. Rb3 Kh8 18. Na2 Rg8 19. Nb4 Bf8 20. c4 g4 21. Bh4 Nd7 22. fxg4 Qe8 23. g5
Ng6 24. Bh5 Be7 25. Nc6 Nc5 26. Rb1 Bd7 27. Bxg6 Rxg6 28. Nxe7 Qxe7 29. Qe2 Qg7 30.
Nb3 Nxb3 31. Rxb3 h6 32. Rfb1 Rf8 33. Qh5 Kg8 34. Rb7 Be8 35. Qe2 hxg5 36. Be1 g4
37. Ra7 f3 38. Qf2 fxg2 39. Qxg2 Rgf6 40. Bg3 Qg5 41. Rxa6 Qe3+ 42. Bf2 Rxf2 43.
Qxg4+ Kh8 44. Qh4+ Kg7 45. Qg3+ Qxg3+ 46. hxg3 Bg6 47. Re1 Ra2 48. Rf1 Rxf1+ 49.
Kxf1 Bxe4 50. Ra7 Kf6 51. Rxc7 Rxa5 52. Rd7 Bd3+ 53. Kf2 Bxc4 54. Rxd6+ Kg5 55. Re6
Rxd5 56. Re7 Kf5 57. Rc7 Rd2+ 58. Ke1 Re2+ 59. Kf1 Rc2+ 60. Ke1 Bb3 61. Rb7 Bd5 62.
Rb4 Rg2 63. Rh4 Rxg3 64. Kf2 Rg4 65. Rh8 Ke4 66. Rb8 Kd3 67. Rd8 Kd4 68. Rb8 Rg2+
69. Kf1 Ra2 70. Rd8 e4 71. Rd7 e3 72. Rd8 Ke4 73. Re8+ Kd3 74. Kg1 Rg2+ 75. Kf1 e2+
76. Ke1 Rg1+ 77. Kf2 Rf1+  0-1

[Event "Polofinale MCR juniorek 2024"]
[Site "Hotel Fit Fun, Ryžovište 427, 512 46 Harrachov v Krkonoších"]
[Date "2024.11.09"]
[Round "1"]
[Board "6"]
[White "Hosová, Sandra"]
[Black "Herynková, Barbora"]
[Result "1-0"]
[WhiteElo "1854"]
[BlackElo "1654"]
[PlyCount "0"]
[EventDate "2024.11.09"]
[EventRounds "9"]
[EventCountry "CZE"]

1. c4 c6 2. e4 d5 3. cxd5 cxd5 4. exd5 Nf6 5. Nc3 Nxd5 6. Bc4 e6 7. Nf3 Be7 8. O-O
O-O 9. Re1 Nc6 10. d4 b6 11. Nxd5 exd5 12. Bb5 Bb7 13. Ne5 Rc8 14. Qg4 Kh8 15. Bd3
g6 16. Re3 Nxe5 17. dxe5 Kg7 18. Rh3 Rh8 19. Bh6+ Kg8 20. e6 Qe8 21. exf7+ Qxf7 22.
Rf3 Bf6 23. Bg5 Rc6 24. Qf4 Kg7 25. Bh6+ Kg8 26. Re1 d4 27. b3 a5 28. Bg5 Kg7 29.
Bh6+ Kg8 30. Rg3 Bg7 31. Bc4 Rxc4 32. bxc4 Qxf4 33. Bxf4 Bf6 34. Rb3 Ba6 35. Rxb6
Bxc4 36. Rxf6  1-0

[Event "Polofinale MCR juniorek 2024"]
[Site "Hotel Fit Fun, Ryžovište 427, 512 46 Harrachov v Krkonoších"]
[Date "2024.11.09"]
[Round "1"]
[Board "7"]
[White "Štávová, Helena"]
[Black "Pejrimovská, Viola Ruby"]
[Result "0-1"]
[WhiteElo "1652"]
[BlackElo "1850"]
[PlyCount "50"]
[EventDate "2024.11.09"]
[EventRounds "9"]
[EventCountry "CZE"]

1. e4 c5 2. Nc3 Nc6 3. g3 g6 4. Bg2 Bg7 5. d3 e6 6. Nge2 Nge7 7. Be3 Nd4 8. O-O
O-O 9. Qd2 f5 10. Rab1 d5 11. exd5 f4 12. Nxf4 exd5 13. Nfxd5 Nf3+ 14. Bxf3 Rxf3
15. Nf4 Nf5 16. Bxc5 b6 17. Bb4 Bh6 18. Nce2 Bb7 19. Qc3 Bxf4 20. Nxf4 Rxf4 21. gxf4
Rc8 22. Qb3+ Bd5 23. c4 Nd4 24. Qd1 Bf3 25. Qd2 Qh4  0-1

[Event "Polofinale MCR juniorek 2024"]
[Site "Hotel Fit Fun, Ryžovište 427, 512 46 Harrachov v Krkonoších"]
[Date "2024.11.09"]
[Round "1"]
[Board "8"]
[White "Markina, Sofiia"]
[Black "Bártová, Hana"]
[Result "1-0"]
[WhiteElo "1834"]
[BlackElo "1648"]
[PlyCount "89"]
[EventDate "2024.11.09"]
[EventRounds "9"]
[EventCountry "CZE"]

1. e4 e6 2. d4 d5 3. Nd2 a6 4. a4 c5 5. c3 Nc6 6. exd5 exd5 7. Ngf3 Nf6 8. Bd3 cxd4
9. cxd4 Bb4 10. O-O O-O 11. h3 Be6 12. Nb3 Qc8 13. Bf4 Bf5 14. Rc1 Re8 15. Ne5 Bxd3
16. Qxd3 Re6 17. Nc5 Bxc5 18. Rxc5 Qe8 19. f3 b6 20. Rc3 Nb4 21. Qd1 Nd7 22. Qb3
a5 23. Nd3 Nxd3 24. Rxd3 Rc8 25. Qxd5 Nf8 26. Qb3 Ng6 27. Bg3 Re2 28. Rc3 h5 29.
Qxb6 h4 30. Bf2 Nf4 31. Rxc8 Qxc8 32. Qd6 g5 33. Qf6 Re6 34. Qxg5+ Rg6 35. Qxf4 Qxh3
36. Qh2 Qxf3 37. Kh1 Qe2 38. Qb8+ Kh7 39. Qb5 Qe4 40. Qh5+ Kg8 41. Qf3 Qe7 42. Re1
Qg5 43. d5 Rf6 44. Re8+ Kh7 45. Qe4+  1-0

[Event "Polofinale MCR juniorek 2024"]
[Site "Hotel Fit Fun, Ryžovište 427, 512 46 Harrachov v Krkonoších"]
[Date "2024.11.09"]
[Round "1"]
[Board "9"]
[White "Semová, Lada"]
[Black "Dudová, Pavlína"]
[Result "0-1"]
[WhiteElo "1643"]
[BlackElo "1823"]
[PlyCount "54"]
[EventDate "2024.11.09"]
[EventRounds "9"]
[EventCountry "CZE"]

1. e4 e6 2. d4 d5 3. exd5 exd5 4. Bd3 Bd6 5. c3 Nf6 6. Bg5 O-O 7. Ne2 c6 8. Qc2
h6 9. Bh4 Re8 10. Nd2 Nbd7 11. Nb3 Qc7 12. Bg3 Ne4 13. Bxd6 Nxd6 14. f3 Nc4 15. Kf2
Nf6 16. Rae1 Bd7 17. Nc5 Ne3 18. Qb1 Re7 19. Nxd7 Qxd7 20. Ng3 Rae8 21. b3 Qd6 22.
Kg1 Qf4 23. Qc1 Qg5 24. c4 h5 25. cxd5 Nfxd5 26. Qd2 Nf4 27. Rxe3 Rxe3  0-1

[Event "Polofinale MCR juniorek 2024"]
[Site "Hotel Fit Fun, Ryžovište 427, 512 46 Harrachov v Krkonoších"]
[Date "2024.11.09"]
[Round "1"]
[Board "10"]
[White "Buchtová, Viktorie"]
[Black "Štávová, Markéta"]
[Result "1/2-1/2"]
[WhiteElo "1791"]
[BlackElo "1633"]
[PlyCount "75"]
[EventDate "2024.11.09"]
[EventRounds "9"]
[EventCountry "CZE"]

1. e4 e5 2. Nf3 Nc6 3. Bb5 a6 4. Ba4 Nf6 5. O-O b5 6. Bb3 Be7 7. Re1 O-O 8. h3 d6
9. c3 Na5 10. Bc2 c5 11. d3 Qc7 12. Nbd2 Nc6 13. Nf1 Be6 14. Ng3 Qd7 15. Ng5 Nd8
16. Nxe6 Nxe6 17. Nf5 Bd8 18. Qf3 Re8 19. Be3 Nf8 20. Rad1 Ng6 21. d4 Qc7 22. dxc5
dxc5 23. Bg5 Qb8 24. Nh6+ Kf8 25. Rd7 Ra7 26. Red1 Rxd7 27. Rxd7 Re7 28. Rxe7 Bxe7
29. Nf5 Bd8 30. h4 Nd7 31. Bxd8 Qxd8 32. g3 Nf6 33. Qe3 Qc7 34. a4 Ne7 35. Nxe7 Qxe7
36. Qd3 c4 37. Qd2 Qc7 38. axb5  1/2-1/2

[Event "Polofinale MCR juniorek 2024"]
[Site "Hotel Fit Fun, Ryžovište 427, 512 46 Harrachov v Krkonoších"]
[Date "2024.11.09"]
[Round "1"]
[Board "11"]
[White "Mácová, Markéta"]
[Black "Dorazilová, Kristýna"]
[Result "0-1"]
[WhiteElo "1586"]
[BlackElo "1764"]
[PlyCount "110"]
[EventDate "2024.11.09"]
[EventRounds "9"]
[EventCountry "CZE"]

1. e4 d6 2. d4 Nf6 3. Nc3 Nbd7 4. Nf3 e5 5. Bc4 h6 6. O-O Be7 7. Re1 c6 8. a4 a5
9. Ba2 Qc7 10. Qd3 Bd8 11. Ne2 Nf8 12. Ng3 g6 13. Qc3 exd4 14. Nxd4 Ne6 15. Be3 d5
16. Bd2 Rh7 17. Qd3 Be7 18. Rad1 Nc5 19. Qe2 Ncxe4 20. Nxe4 Nxe4 21. c4 Nxd2 22.
Rxd2 dxc4 23. Bxc4 Kf8 24. Rd3 Bd6 25. Qe8+ Kg7 26. h3 Rh8 27. Qe2 Bd7 28. Rf3 Rhf8
29. Qd3 Rae8 30. Rxe8 Bxe8 31. Qe4 Qe7 32. Qg4 Bd7 33. Nf5+ Bxf5 34. Rxf5 Qe1+ 35.
Bf1 Qb4 36. Qxb4 Bxb4 37. Re5 Rd8 38. Bc4 Rd1+ 39. Bf1 Ra1 40. b3 Rb1 41. Re3 Bc5
42. Rf3 b5 43. axb5 cxb5 44. g3 a4 45. bxa4 bxa4 46. Kg2 Rc1 47. Rd3 Rc2 48. Rf3
a3 49. Bd3 a2 50. Bxc2 a1=Q 51. Bb3 f6 52. Rd3 Qa8+ 53. f3 Qe8 54. Bd1 Qe1 55. Rd7+
Kf8  0-1

[Event "Polofinale MCR juniorek 2024"]
[Site "Hotel Fit Fun, Ryžovište 427, 512 46 Harrachov v Krkonoších"]
[Date "2024.11.09"]
[Round "1"]
[Board "12"]
[White "Brezíková, Beáta"]
[Black "Martinkovicová, Nela"]
[Result "1-0"]
[WhiteElo "1757"]
[BlackElo "1537"]
[PlyCount "57"]
[EventDate "2024.11.09"]
[EventRounds "9"]
[EventCountry "CZE"]

1. e4 e5 2. Nf3 Nf6 3. Bc4 Nc6 4. O-O Bc5 5. d3 d6 6. c3 Bg4 7. Bg5 h6 8. Bh4 g5
9. Bg3 Qe7 10. Nbd2 O-O-O 11. b4 Bb6 12. a4 a5 13. Qb3 Rdf8 14. Rfb1 Nd7 15. Bd5
h5 16. Bxc6 bxc6 17. bxa5 Bxa5 18. Qb7+ Kd8 19. Qa8+ Nb8 20. Rxb8+ Kd7 21. Rxf8 Rxf8
22. Qxa5 h4 23. Bxe5 dxe5 24. Nxe5+ Kd6 25. Ndc4+ Ke6 26. Nxg4 Kd7 27. Nge5+ Ke6
28. Nxc6 Qf6 29. Qd5#  1-0

[Event "Polofinale MCR juniorek 2024"]
[Site "Hotel Fit Fun, Ryžovište 427, 512 46 Harrachov v Krkonoších"]
[Date "2024.11.10"]
[Round "2"]
[Board "1"]
[White "Štastná, Martina"]
[Black "Markina, Sofiia"]
[Result "1/2-1/2"]
[WhiteElo "1948"]
[BlackElo "1834"]
[PlyCount "0"]
[EventDate "2024.11.09"]
[EventRounds "9"]
[EventCountry "CZE"]

1. e4 c6 2. d4 d5 3. Nc3 dxe4 4. Nxe4 Nf6 5. Ng3 e6 6. Nf3 Bd6 7. Be3 O-O 8. Qd2
b5 9. Bd3 Nbd7 10. O-O-O a5 11. Ne4 Be7 12. Ne5 Nxe5 13. dxe5 Nd5 14. Bc5 Bxc5 15.
Nxc5 Qb6 16. Ne4 b4 17. Qg5 f5 18. exf6 Nxf6 19. Nxf6+ Rxf6 20. f3 a4 21. Rhe1 b3
22. cxb3 axb3 23. a3 Ba6 24. Qe3 Qb7 25. Bxa6 Rxa6 26. Rd8+ Kf7 27. Qd3 Qb6 28. Rd7+
Kg8 29. Qd6 Qf2 30. Rd8+ Kf7 31. Qc7+ Kg6 32. Qg3+ Qxg3 33. hxg3 Ra5 34. Rb8 Rc5+
35. Kd1 e5 36. Re2 Rd6+ 37. Ke1 Rd3 38. Re8 Kf6 39. Rf8+ Ke7 40. Rb8 Rc1+ 41. Kf2
Rc2 42. Ke1 Rc1+  1/2-1/2

[Event "Polofinale MCR juniorek 2024"]
[Site "Hotel Fit Fun, Ryžovište 427, 512 46 Harrachov v Krkonoších"]
[Date "2024.11.10"]
[Round "2"]
[Board "2"]
[White "Dudová, Pavlína"]
[Black "Šedá, Michaela"]
[Result "1-0"]
[WhiteElo "1823"]
[BlackElo "1886"]
[PlyCount "0"]
[EventDate "2024.11.09"]
[EventRounds "9"]
[EventCountry "CZE"]

1. e4 e5 2. Nf3 Nc6 3. Bb5 Nf6 4. O-O Be7 5. Re1 a6 6. Ba4 b5 7. Bb3 O-O 8. h3 Bb7
9. c3 Na5 10. Bc2 d5 11. d3 Bd6 12. Nbd2 Re8 13. Nf1 c5 14. Ng3 Qc7 15. Nf5 Bf8 16.
Bg5 Nd7 17. Nh2 f6 18. Bd2 Rad8 19. Qg4 Nb6 20. c4 Naxc4 21. dxc4 Nxc4 22. Bc1 d4
23. Bd3 Nd6 24. Nxd6 Rxd6 25. Bd2 a5 26. Bxb5 Rc8 27. Bc4+ Kh8 28. Rac1 Qb6 29. b3
Bc6 30. Qxc8  1-0

[Event "Polofinale MCR juniorek 2024"]
[Site "Hotel Fit Fun, Ryžovište 427, 512 46 Harrachov v Krkonoších"]
[Date "2024.11.10"]
[Round "2"]
[Board "3"]
[White "Šulcová, Tereza Radmila"]
[Black "Brezíková, Beáta"]
[Result "1/2-1/2"]
[WhiteElo "1879"]
[BlackElo "1757"]
[PlyCount "0"]
[EventDate "2024.11.09"]
[EventRounds "9"]
[EventCountry "CZE"]

1. b3 e5 2. Bb2 Nc6 3. e3 Nf6 4. Bb5 d6 5. Nf3 Be7 6. d4 exd4 7. Nxd4 Bd7 8. Nxc6
bxc6 9. Bd3 O-O 10. O-O Nd5 11. Nd2 Bf6 12. Bxf6 Nxf6 13. h3 c5 14. Qf3 Rb8 15. Rfd1
Re8 16. Ne4 Nxe4 17. Bxe4 Rb6 18. Rd2 Re5 19. Rad1 Qe7 20. Bd5 Rf5 21. Qg3 Rg5 22.
Qf3 Rf5 23. Qg3 Rg5 24. Qf3 Rf5  1/2-1/2

[Event "Polofinale MCR juniorek 2024"]
[Site "Hotel Fit Fun, Ryžovište 427, 512 46 Harrachov v Krkonoších"]
[Date "2024.11.10"]
[Round "2"]
[Board "4"]
[White "Dorazilová, Kristýna"]
[Black "Hosová, Sandra"]
[Result "0-1"]
[WhiteElo "1764"]
[BlackElo "1854"]
[PlyCount "0"]
[EventDate "2024.11.09"]
[EventRounds "9"]
[EventCountry "CZE"]

1. e4 c5 2. Nc3 a6 3. f4 Nc6 4. Nf3 d6 5. Be2 e6 6. O-O Nf6 7. d3 Be7 8. Qe1 O-O
9. Kh1 b5 10. h3 d5 11. e5 Ne8 12. a3 f6 13. Qg3 Qc7 14. Bd2 Nd4 15. Bd1 Nxf3 16.
Bxf3 Bb7 17. Ne2 d4 18. h4 Bxf3 19. gxf3 f5 20. Rg1 Rf7 21. Rg2 Qb6 22. c3 dxc3 23.
Bxc3 Nc7 24. d4 c4 25. Rag1 Nd5 26. Qf2 a5 27. Bd2 b4 28. axb4 axb4 29. Qe1 Ra2 30.
Qc1 Qb5 31. Qb1 Qa6 32. Nc1 Ra1 33. Qc2 Bf8 34. Ne2 Ra2 35. Nc1 b3 36. Nxb3 cxb3
37. Qxb3 Rb7 38. Qc2 Rbxb2 39. Qc1 Rc2 40. Qb1 Rab2 41. Qe1 Qd3 42. Qg3 Rb7 43. Ba5
Rxg2 44. Rxg2 Qxd4 45. h5 Nxf4 46. Bb6 Rxb6 47. h6 Nxg2 48. Qxg2 Rb1+ 49. Kh2 Rb2
50. hxg7 Rxg2+ 51. Kh3 Rxg7 52. f4 Qe3+  0-1

[Event "Polofinale MCR juniorek 2024"]
[Site "Hotel Fit Fun, Ryžovište 427, 512 46 Harrachov v Krkonoších"]
[Date "2024.11.10"]
[Round "2"]
[Board "5"]
[White "Pejrimovská, Viola Ruby"]
[Black "Kavanová, Anežka"]
[Result "1-0"]
[WhiteElo "1850"]
[BlackElo "1710"]
[PlyCount "0"]
[EventDate "2024.11.09"]
[EventRounds "9"]
[EventCountry "CZE"]

1. e4 c5 2. b4 cxb4 3. a3 d5 4. exd5 Qxd5 5. Nf3 e5 6. c4 Qd8 7. Bb2 e4 8. Ne5 bxa3
9. Nxa3 Nf6 10. Nc2 Nbd7 11. Be2 Be7 12. O-O O-O 13. Ne3 Qc7 14. f4 Qb6 15. Rb1 Qc7
16. Kh1 Bd6 17. d4 exd3 18. Bxd3 Nc5 19. Bf5 Rd8 20. Qf3 Na4 21. Ba1 Nb6 22. Qg3
Nh5 23. Qg5 Bxf5 24. Nxf5 g6 25. Nh6+ Kf8 26. Nhxf7  1-0

[Event "Polofinale MCR juniorek 2024"]
[Site "Hotel Fit Fun, Ryžovište 427, 512 46 Harrachov v Krkonoších"]
[Date "2024.11.10"]
[Round "2"]
[Board "6"]
[White "Štávová, Markéta"]
[Black "Zádrapová, Amálie"]
[Result "0-1"]
[WhiteElo "1633"]
[BlackElo "1882"]
[PlyCount "0"]
[EventDate "2024.11.09"]
[EventRounds "9"]
[EventCountry "CZE"]

1. e4 c5 2. Nf3 d6 3. Bb5+ Nd7 4. Ba4 Ngf6 5. O-O g6 6. Re1 Bg7 7. c4 O-O 8. Nc3
Ne5 9. Nxe5 dxe5 10. h3 a6 11. d3 Nh5 12. Be3 Qd6 13. Bc2 Nf4 14. Qd2 b6 15. Ne2
g5 16. Ng3 e6 17. Rab1 a5 18. a4 Bb7 19. Red1 h6 20. Ne2 f5 21. Nc3 Rad8 22. Kh2
Qe7 23. Qe1 Qf7 24. Rd2 Ng6 25. f3 Nf4 26. Bxf4 exf4 27. Nb5 g4 28. Qe2 Qg6 29. Qe1
fxe4 30. fxe4 Be5 31. Kh1 Qh5 32. Bd1 f3 33. gxf3 Qxh3+ 34. Kg1 gxf3  0-1

[Event "Polofinale MCR juniorek 2024"]
[Site "Hotel Fit Fun, Ryžovište 427, 512 46 Harrachov v Krkonoších"]
[Date "2024.11.10"]
[Round "2"]
[Board "7"]
[White "Cinková, Vicky"]
[Black "Buchtová, Viktorie"]
[Result "0-1"]
[WhiteElo "1703"]
[BlackElo "1791"]
[PlyCount "102"]
[EventDate "2024.11.09"]
[EventRounds "9"]
[EventCountry "CZE"]

1. d4 Nf6 2. Bg5 e6 3. e4 h6 4. Bxf6 Qxf6 5. Nf3 c5 6. c3 Nc6 7. d5 Ne5 8. Be2 b6
9. O-O Bb7 10. Nxe5 Qxe5 11. Bf3 Bd6 12. g3 O-O 13. Bg2 exd5 14. exd5 Rfe8 15. Na3
Ba6 16. Re1 Qf5 17. Rxe8+ Rxe8 18. c4 Be5 19. Qa4 Bxb2 20. Rf1 Bxa3 21. Qxa6 Bb2
22. Qxa7 Bd4 23. d6 Re1 24. Qa8+ Kh7 25. Bf3 Qe6 26. Kg2 Rxf1 27. Kxf1 Qxc4+ 28.
Kg2 Qe6 29. Qe4+ Qxe4 30. Bxe4+ g6 31. Bd3 Be5 32. Bb5 Bxd6 33. Bxd7 c4 34. Ba4 Bc5
35. Kf3 Kg7 36. Ke2 Kf6 37. f3 Ke5 38. Bc2 Kd4 39. a4 Kc3 40. Kd1 Bf2 41. g4 h5 42.
gxh5 gxh5 43. h3 Bc5 44. Be4 f6 45. Bg6 h4 46. Bf5 Kd4 47. Kc2 Ke5 48. Be4 Bd4 49.
Bc6 Kf4 50. Bd5 c3 51. Bc6 Kg3  0-1

[Event "Polofinale MCR juniorek 2024"]
[Site "Hotel Fit Fun, Ryžovište 427, 512 46 Harrachov v Krkonoších"]
[Date "2024.11.10"]
[Round "2"]
[Board "8"]
[White "Sikorová, Jana"]
[Black "Štávová, Helena"]
[Result "1-0"]
[WhiteElo "1885"]
[BlackElo "1652"]
[PlyCount "93"]
[EventDate "2024.11.09"]
[EventRounds "9"]
[EventCountry "CZE"]

1. d4 d5 2. c4 e6 3. Nf3 c5 4. cxd5 exd5 5. Bg5 Be7 6. Bxe7 Qxe7 7. dxc5 Qxc5 8.
Nc3 Nf6 9. e3 O-O 10. Be2 Nc6 11. O-O Bg4 12. Rc1 Qd6 13. h3 Bh5 14. Qd2 Rad8 15.
Rfd1 a6 16. Nd4 Bg6 17. a3 Rfe8 18. Nxc6 Qxc6 19. Bf3 Qb6 20. Ne2 Ne4 21. Qd4 Qb5
22. Nf4 Rd7 23. Nxg6 hxg6 24. Bxe4 Rxe4 25. Rc8+ Kh7 26. Qc3 Re6 27. Rc5 Qb6 28.
Rdxd5 Rxd5 29. Rxd5 Rc6 30. Qd2 Qc7 31. g3 Rc2 32. Qd4 Rc4 33. Rd7 Qc6 34. Qd5 Qxd5
35. Rxd5 Rc2 36. Rd7 Rxb2 37. Rxf7 a5 38. a4 Rb4 39. Kg2 Rxa4 40. Rxb7 g5 41. Kf3
Kg6 42. Rb6+ Kf5 43. Rb5+ Kf6 44. Rb7 g6 45. Rb6+ Kf5 46. g4+ Ke5 47. Rxg6  1-0

[Event "Polofinale MCR juniorek 2024"]
[Site "Hotel Fit Fun, Ryžovište 427, 512 46 Harrachov v Krkonoších"]
[Date "2024.11.10"]
[Round "2"]
[Board "9"]
[White "Bártová, Hana"]
[Black "Dudková, Josefína"]
[Result "1-0"]
[WhiteElo "1648"]
[BlackElo "1751"]
[PlyCount "85"]
[EventDate "2024.11.09"]
[EventRounds "9"]
[EventCountry "CZE"]

1. e4 d5 2. exd5 Qxd5 3. Nc3 Qd6 4. d4 Nf6 5. Nf3 a6 6. g3 Bg4 7. Bg2 Nc6 8. Be3
O-O-O 9. O-O e6 10. a3 h5 11. h3 Bxf3 12. Qxf3 h4 13. g4 Qd7 14. b4 Nd5 15. Ne4 f5
16. Ng5 Qe7 17. gxf5 Nxe3 18. Qxe3 exf5 19. Bxc6 bxc6 20. Qxe7 Bxe7 21. Nf7 Rhg8
22. Nxd8 Kxd8 23. Rae1 Bd6 24. Re2 g5 25. Kh1 g4 26. Rg1 g3 27. fxg3 hxg3 28. Kg2
f4 29. Rf1 a5 30. bxa5 Rg5 31. c4 Rxa5 32. c5 Be7 33. Rxf4 Rxa3 34. h4 Ra4 35. Rfe4
Bf6 36. h5 Kc8 37. h6 Rxd4 38. Rxd4 Bxd4 39. h7 Kb7 40. Re8 Ka6 41. h8=Q Bxh8 42.
Rxh8 Kb5 43. Rh5  1-0

[Event "Polofinale MCR juniorek 2024"]
[Site "Hotel Fit Fun, Ryžovište 427, 512 46 Harrachov v Krkonoších"]
[Date "2024.11.10"]
[Round "2"]
[Board "10"]
[White "Nesporá, Tatána"]
[Black "Semová, Lada"]
[Result "1-0"]
[WhiteElo "1730"]
[BlackElo "1643"]
[PlyCount "73"]
[EventDate "2024.11.09"]
[EventRounds "9"]
[EventCountry "CZE"]

1. e4 e5 2. Nf3 Nc6 3. Bc4 Bc5 4. b4 Bxb4 5. c3 Be7 6. d4 exd4 7. cxd4 d6 8. O-O
Nf6 9. Nc3 Bg4 10. Be3 O-O 11. Qc2 Qc8 12. Nh4 Nb4 13. Qb1 d5 14. exd5 Rd8 15. h3
Nbxd5 16. Nxd5 Nxd5 17. hxg4 Bxh4 18. Qe4 Nxe3 19. fxe3 Rd7 20. Qf4 Qd8 21. Bxf7+
Kh8 22. Rf3 Bg5 23. Qf5 Rxf7 24. Qxf7 Qd6 25. Raf1 Be7 26. g5 Rg8 27. g6 h6 28. Rh3
Bg5 29. Rf4 Qe7 30. Qxe7 Bxe7 31. Rf7 Re8 32. Rhf3 Kg8 33. R3f5 Bd6 34. Rd7 Rf8 35.
Rxf8+ Kxf8 36. Rf7+ Kg8 37. e4  1-0

[Event "Polofinale MCR juniorek 2024"]
[Site "Hotel Fit Fun, Ryžovište 427, 512 46 Harrachov v Krkonoších"]
[Date "2024.11.10"]
[Round "2"]
[Board "11"]
[White "Martinkovicová, Nela"]
[Black "Dominiková, Denisa"]
[Result "0-1"]
[WhiteElo "1537"]
[BlackElo "1696"]
[PlyCount "44"]
[EventDate "2024.11.09"]
[EventRounds "9"]
[EventCountry "CZE"]

1. e4 e5 2. Nc3 Nf6 3. f4 d5 4. exd5 exf4 5. d4 Nxd5 6. Nf3 Be6 7. Nxd5 Qxd5 8. Be2
Bd6 9. c4 Qa5+ 10. Bd2 Bb4 11. b3 O-O 12. d5 Bf5 13. O-O Bxd2 14. Qxd2 Qb6+ 15. Kh1
Nd7 16. Nd4 Bg6 17. Rxf4 Nf6 18. Nf5 Rfe8 19. Nh4 Ne4 20. Qb2 Nf2+ 21. Rxf2 Qxf2
22. Nxg6 hxg6  0-1

[Event "Polofinale MCR juniorek 2024"]
[Site "Hotel Fit Fun, Ryžovište 427, 512 46 Harrachov v Krkonoších"]
[Date "2024.11.10"]
[Round "2"]
[Board "12"]
[White "Herynková, Barbora"]
[Black "Mácová, Markéta"]
[Result "1/2-1/2"]
[WhiteElo "1654"]
[BlackElo "1586"]
[PlyCount "124"]
[EventDate "2024.11.09"]
[EventRounds "9"]
[EventCountry "CZE"]

1. d4 Nf6 2. c4 g6 3. Nc3 Bg7 4. e4 O-O 5. Nf3 d6 6. Be2 Na6 7. O-O e5 8. Be3 Qe7
9. Nd2 Ne8 10. dxe5 dxe5 11. Rc1 f5 12. f3 f4 13. Bf2 g5 14. a3 h5 15. b4 c6 16.
Nb3 Nd6 17. b5 cxb5 18. cxb5 Nc7 19. Bc5 Rf6 20. Nd5 Nxd5 21. Qxd5+ Kh8 22. Rfd1
Bf8 23. Bc4 Re6 24. Rc3 Qc7 25. Bxd6 Qxd6 26. Rcd3 Qxd5 27. Rxd5 Re8 28. Rd8 Rxd8
29. Rxd8 Kg7 30. Na5 Be7 31. Rg8+ Kf6 32. a4 Bb4 33. Nb3 b6 34. Bd5 Rb8 35. h3 Bd6
36. Nd2 Bd7 37. Nc4 Rxg8 38. Bxg8 Bb4 39. Kf1 g4 40. hxg4 hxg4 41. Ke2 gxf3+ 42.
gxf3 Bc3 43. Nd6 Kg5 44. Bh7 Be6 45. Bf5 Bb3 46. Nc8 Bxa4 47. Nxa7 Bd4 48. Bd7 Kh4
49. Bg4 Bb3 50. Bd7 Bc4+ 51. Kd2 Kg3 52. Bg4 Kf2 53. Nc6 Be3+ 54. Kc3 Bxb5 55. Nxe5
Be2 56. Nd3+ Kg3 57. Ne5 Bc1 58. Bh5 b5 59. Bg4 Be3 60. Bh5 Bc1 61. Bg4 Ba3 62. Kd2
Bf1  1/2-1/2